सिद्धान्तलेशसंग्रह: (Record no. 1464578)

MARC details
000 -LEADER
fixed length control field 00901 a2200229 4500
005 - DATE AND TIME OF LATEST TRANSACTION
control field 20260409130044.0
008 - FIXED-LENGTH DATA ELEMENTS--GENERAL INFORMATION
fixed length control field 260409b |||||||| |||| 00| 0 eng d
020 ## - INTERNATIONAL STANDARD BOOK NUMBER
International Standard Book Number 9789392974823 (hbk)
037 ## - SOURCE OF ACQUISITION
Terms of availability TB
040 ## - CATALOGING SOURCE
Original cataloging agency AL
Transcribing agency AL
041 ## - LANGUAGE CODE
Source of code hin
Language code of text/sound track or separate title hin
Language code of original san
084 ## - COLON CLASSIFICATION NUMBER
Classification number R66xJ50,2 15R4
Assigning agency AL
100 ## - MAIN ENTRY--PERSONAL NAME
Personal name दीक्षित, दप्पय्य
9 (RLIN) 847504
245 ## - TITLE STATEMENT
Title सिद्धान्तलेशसंग्रह:
260 ## - PUBLICATION, DISTRIBUTION, ETC.
Place of publication, distribution, etc. वाराणसी, भारत:
Name of publisher, distributor, etc. भारतीय बुक्स,
Date of publication, distribution, etc. 2024.
300 ## - PHYSICAL DESCRIPTION
Extent 559पृ.
365 ## - TRADE PRICE
Price amount 995.00
Currency code INR
650 ## - SUBJECT ADDED ENTRY--TOPICAL TERM
Topical term or geographic name entry element दर्शन शास्त्र
650 ## - SUBJECT ADDED ENTRY--TOPICAL TERM
Topical term or geographic name entry element संग्रह
9 (RLIN) 1234493
942 ## - ADDED ENTRY ELEMENTS (KOHA)
Koha item type Textbook
Source of classification or shelving scheme Colon Classification (CC)
Classification part R66xJ50,2 15R4
Holdings
Withdrawn status Lost status Source of classification or shelving scheme Damaged status Not for loan Home library Current library Date acquired Source of acquisition Cost, normal purchase price Inventory number Total Checkouts Full call number Barcode Date last seen Cost, replacement price Price effective from Koha item type
    Colon Classification (CC)     Arts Library Arts Library 2026-02-06 50/ ओरिएंटल बुक कंपनी 796.00 43 & 2026-02-04   R66xJ50,2 15R4 AL1805205 2026-02-06 995.00 2026-02-06 Textbook
Copyright @ Delhi University Library System